000
00291nam a22001337a 4500
008
170301b xxu||||| |||| 00| 0 eng d
020
_a
9780443066290
041
_a
eng
080
_2
3RD
_a
617
100
_a
6
101
_a
SHK
245
_a
CLINICAL ONCOLOGY
_c
ABELOFF, M.D
942
_2
udc
_c
BK
999
_c
6485
_d
6485